Lokabhasar prakriti bichar/ (Record no. 10043)

MARC details
000 -LEADER
fixed length control field 00609cam a2200217ua 4500
005 - DATE AND TIME OF LATEST TRANSACTION
control field 20210405125719.0
008 - FIXED-LENGTH DATA ELEMENTS--GENERAL INFORMATION
fixed length control field 190903n ii |||gr||||Z||||||asm
020 ## - INTERNATIONAL STANDARD BOOK NUMBER
International Standard Book Number 9789382587354
040 ## - CATALOGING SOURCE
Transcribing agency MAIN
Original cataloging agency IN-DiNC
041 ## - LANGUAGE CODE
Language code of sung or spoken text Assamese
082 ## - DEWEY DECIMAL CLASSIFICATION NUMBER
Classification number 491.451
Item number HAK
100 ## - MAIN ENTRY--PERSONAL NAME
Personal name Hakacham, Upen Rabha
Relator term Author
245 ## - TITLE STATEMENT
Title Lokabhasar prakriti bichar/
Statement of responsibility, etc. By Upen Rabha Hakacham
250 ## - EDITION STATEMENT
Edition statement 1st ed.
260 ## - PUBLICATION, DISTRIBUTION, ETC.
Place of publication, distribution, etc. Guwahati:
Name of publisher, distributor, etc. Bishal prakashan,
Date of publication, distribution, etc. 2015.
300 ## - PHYSICAL DESCRIPTION
Extent 313p.
650 ## - SUBJECT ADDED ENTRY--TOPICAL TERM
Topical term or geographic name entry element Folk language of Assam
942 ## - ADDED ENTRY ELEMENTS (KOHA)
Koha item type Books
Source of classification or shelving scheme Dewey Decimal Classification
653 ## - INDEX TERM--UNCONTROLLED
Uncontrolled term East Indo-European & Celtic languages
653 ## - INDEX TERM--UNCONTROLLED
Uncontrolled term Folkspeech of Assam
Holdings
Withdrawn status Lost status Source of classification or shelving scheme Damaged status Not for loan Collection code Home library Current library Shelving location Date acquired Cost, normal purchase price Full call number Barcode Date last seen Copy number Price effective from Koha item type Total Checkouts
    Dewey Decimal Classification     Assamese Central Library, Naharkatiya College Central Library, Naharkatiya College General Stacks 19/09/2020 220.00 491.451 HAK 26797 19/09/2020 1 19/09/2020 Books  
    Dewey Decimal Classification     Assamese Central Library, Naharkatiya College Central Library, Naharkatiya College General Stacks 19/09/2020 220.00 491.451 HAK 26798 19/09/2020 2 19/09/2020 Books  
    Dewey Decimal Classification     Assamese Central Library, Naharkatiya College Central Library, Naharkatiya College General Stacks 05/04/2021 220.00 491.451 HAK 25740 05/04/2021 3 05/04/2021 Books  

Naharkatiya College © 2020. All rights reserved.

Powered By